Recruiting immigrant workers: Austria 2014

Enregistré dans:
Détails bibliographiques
Format: Livre
Langue:anglais
Publié: Paris OECD 2014
Collection:Recruiting immigrant workers
Sujets:
Tags: Ajouter un tag
Pas de tags, Soyez le premier à ajouter un tag!

MARC

LEADER 00000nam a2200000 4500
001 0210682
005 20240315121150.5
020 |a 978-92-64-22599-2 
041 0 |a eng 
044 |a FR 
245 1 0 |a Recruiting immigrant workers: Austria 2014 
264 1 |a Paris  |b OECD  |c 2014 
300 |a 182 s. 
490 1 |a Recruiting immigrant workers 
830 0 |a Recruiting immigrant workers 
610 2 0 |a trh práce 
610 2 0 |a politika migračná 
610 2 0 |a demografia 
610 2 0 |a sily pracovné 
610 2 0 |a ponuka 
610 2 0 |a dopyt 
610 2 0 |a migrácia 
610 2 0 |a Rakúsko